Normal view
MARC view
Entry Personal Name
001 - CONTROL NUMBER
- control field: 4670
003 - CONTROL NUMBER IDENTIFIER
- control field: OSt
005 - DATE AND TIME OF LATEST TRANSACTION
- control field: 20150518154805.0
008 - FIXED-LENGTH DATA ELEMENTS
- fixed length control field: 150518|| aca||aabn | a|a d
040 ## - CATALOGING SOURCE
- Original cataloging agency: OSt
- Transcribing agency: OSt
100 ## - HEADING--PERSONAL NAME
- Personal name: Shields, M. Bruce.
670 ## - SOURCE DATA FOUND
- Source citation: Work cat.: (OSt)1777: Shields, M. Bruce., Textbook of glaucoma /, c2000.
